| 000 | 00616cam a22002053a 4500 | ||
|---|---|---|---|
| 001 | 40436 | ||
| 003 | PGUSA | ||
| 005 | 20140828083913.0 | ||
| 008 | 120807s2012||||xxu|||||s|||||000 | eng d | ||
| 040 |
_aPGUSA _beng |
||
| 042 | _adc | ||
| 100 | 1 |
_aGrote, George, _d1794-1871 |
|
| 245 | 1 | 0 |
_aPlato and the Other Companions of Sokrates, 3rd ed. Volume II (of 4) _h[electronic resource] / _cGeorge Grote |
| 260 |
_bProject Gutenberg, _c2012 |
||
| 506 | _aPublic domain in the USA. | ||
| 516 | _aElectronic text | ||
| 830 | 0 |
_aProject Gutenberg _v40436 |
|
| 856 | 4 | 0 | _uhttp://www.gutenberg.org/ebooks/40436 |
| 942 | _cEB | ||
| 999 |
_c269689 _d269689 |
||